[Event "WC-2017-Q-00010"]
[Site "LSS email"]
[Date "2017.08.22"]
[Round "?"]
[White "Kuhne, Detlev"]
[Black "Sarakenidis, Nikolaos"]
[Result "1/2-1/2"]
[WhiteElo "2450"]
[BlackElo "2355"]
[PlyCount "42"]
[EventDate "2017.09.01"]
[EventType "tourn (corr)"]
[EventRounds "12"]
[EventCountry "GER"]
[SourceTitle "Corr 2022"]
[Source "ChessBase"]
[SourceDate "2021.10.24"]
[SourceVersion "1"]
[SourceVersionDate "2021.10.24"]
[SourceQuality "1"]

1. e4 e5 2. Nf3 Nc6 3. Bc4 Nf6 4. d3 Be7 5. 0-0 0-0 6. Re1 d6 7. a4 Na5 8. Ba2 c5 9. Nbd2 Be6 10. Bxe6 fxe6 11. c3 Nc6 12. Nc4 h6 13. h3 Qc7 14. Bd2 a6 15. Qe2 b5 16. Ne3 Qb7 17. axb5 axb5 18. Ng4 Rxa1 19. Rxa1 Nxg4 20. hxg4 Ra8 21. Rb1 g5 1/2-1/2

[Event "WC-2017-Q-00010"]
[Site "LSS email"]
[Date "2017.08.22"]
[Round "?"]
[White "Misericordia, Antonio"]
[Black "Sarakenidis, Nikolaos"]
[Result "1-0"]
[WhiteElo "2365"]
[BlackElo "2355"]
[PlyCount "121"]
[EventDate "2017.09.01"]
[EventType "tourn (corr)"]
[EventRounds "12"]
[EventCountry "GER"]
[SourceTitle "Corr 2022"]
[Source "ChessBase"]
[SourceDate "2021.10.24"]
[SourceVersion "1"]
[SourceVersionDate "2021.10.24"]
[SourceQuality "1"]

1. c4 g6 2. d4 Nf6 3. Nc3 Bg7 4. e4 d6 5. Be2 0-0 6. Be3 e5 7. d5 Na6 8. g4 Nc5 9. f3 h5 10. g5 Nh7 11. h4 f6 12. gxf6 Bxf6 13. Bf2 Be7 14. Kd2 Bd7 15. b4 Na6 16. a3 Nb8 17. Qf1 a5 18. b5 Be8 19. Kc2 Nd7 20. Na4 c6 21. Qe1 Rc8 22. Kb2 Kh8 23. Nh3 Rg8 24. Rb1 cxb5 25. cxb5 Bf6 26. Ka2 Be7 27. Rb2 Rg7 28. Bd3 Rg8 29. Ng1 g5 30. hxg5 Bxg5 31. Ne2 Qf6 32. Rh3 Bh6 33. Qh1 Qf7 34. Bc2 Rf8 35. Rg3 Nhf6 36. Be1 Qh7 37. Bd1 Nc5 38. Nb6 Rb8 39. Bxa5 Nd3 40. Rb3 Nc5 41. Rb1 Qc7 42. Qe1 Nfd7 43. Na8 Qc8 44. Nc7 b6 45. Nxe8 Qxe8 46. Bb4 Nd3 47. Qh1 Rf6 48. Rb3 N7c5 49. Bxc5 Nxc5 50. Rc3 Bd2 51. Rc2 Bh6 52. Rh3 Qxb5 53. f4 Ra8 54. Rcc3 Bg7 55. f5 Kg8 56. Qg2 Qa5 57. Rxh5 Rf7 58. Bc2 Kf8 59. Qg6 Qb5 60. Rh2 Rf6 61. Qg4 1-0

[Event "WC-2017-S-00007"]
[Site "LSS email"]
[Date "2017.06.07"]
[Round "?"]
[White "Frendzas, Panayotis"]
[Black "Sarakenidis, Nikolaos"]
[Result "1-0"]
[WhiteElo "2537"]
[BlackElo "2360"]
[PlyCount "89"]
[EventDate "2017.06.15"]
[EventType "tourn (corr)"]
[EventRounds "12"]
[EventCountry "GER"]
[SourceTitle "Corr 2022"]
[Source "ChessBase"]
[SourceDate "2021.10.24"]
[SourceVersion "1"]
[SourceVersionDate "2021.10.24"]
[SourceQuality "1"]

1. e4 e5 2. Nf3 Nc6 3. Bb5 a6 4. Ba4 Nf6 5. 0-0 Be7 6. Re1 b5 7. Bb3 d6 8. c3 0-0 9. h3 Bb7 10. d4 Re8 11. Ng5 Rf8 12. Nf3 Re8 13. Nbd2 Bf8 14. Bc2 g6 15. d5 Nb8 16. c4 c6 17. b3 Qc7 18. Nf1 Rc8 19. Bg5 Nbd7 20. Rc1 Be7 21. Bb1 Qd8 22. Be3 cxd5 23. cxd5 Rxc1 24. Qxc1 Rc8 25. Qa3 Nc5 26. Bd2 Nh5 27. Ng3 Nxg3 28. fxg3 h5 29. Rf1 Kg7 30. Kh1 Kg8 31. b4 Nd7 32. Qb2 Bf6 33. Be3 Nb6 34. Qf2 Nc4 35. Bc1 Rc7 36. Bd3 Kg7 37. h4 Bc8 38. Kh2 Bd7 39. Ng5 Bc8 40. a4 Qe7 41. a5 Qd8 42. Bxc4 bxc4 43. b5 axb5 44. a6 Bxa6 45. Qb6 1-0

[Event "WC-2017-S-00007"]
[Site "LSS email"]
[Date "2017.06.07"]
[Round "?"]
[White "Langer, Raimund"]
[Black "Sarakenidis, Nikolaos"]
[Result "1/2-1/2"]
[WhiteElo "2482"]
[BlackElo "2360"]
[PlyCount "97"]
[EventDate "2017.06.15"]
[EventType "tourn (corr)"]
[EventRounds "12"]
[EventCountry "GER"]
[SourceTitle "Corr 2022"]
[Source "ChessBase"]
[SourceDate "2021.10.24"]
[SourceVersion "1"]
[SourceVersionDate "2021.10.24"]
[SourceQuality "1"]

1. e4 e5 2. Nf3 Nc6 3. Bb5 a6 4. Ba4 Nf6 5. 0-0 Be7 6. Re1 b5 7. Bb3 d6 8. c3 0-0 9. h3 Nb8 10. d4 Nbd7 11. Nbd2 Bb7 12. Bc2 Re8 13. Nf1 Bf8 14. Ng3 g6 15. a4 c5 16. d5 c4 17. Bg5 Nc5 18. Qd2 Be7 19. Bh6 Nfd7 20. Nh2 Nxa4 21. Bxa4 bxa4 22. Rxa4 a5 23. Ng4 Ba6 24. Ra3 Nc5 25. Be3 Nb3 26. Qe2 Bg5 27. Bxg5 Qxg5 28. Ne3 Reb8 29. Ngf1 f5 30. h4 Qxh4 31. exf5 Bb5 32. Qg4 Qxg4 33. Nxg4 Rf8 34. Ng3 Nc5 35. fxg6 hxg6 36. f3 a4 37. Nf2 Kg7 38. Nge4 Nxe4 39. Nxe4 Ra6 40. Kf2 Rb8 41. Nd2 Rc8 42. Nf1 Ra5 43. Ne3 Bd7 44. Kg3 Ra7 45. Rh1 Bf5 46. Rha1 Bd7 47. Kf2 Raa8 48. Rh1 Bf5 49. Rha1 1/2-1/2

[Event "WC-2017-S-00007"]
[Site "LSS email"]
[Date "2017.06.07"]
[Round "?"]
[White "Sarakenidis, Nikolaos"]
[Black "Frendzas, Panayotis"]
[Result "0-1"]
[WhiteElo "2360"]
[BlackElo "2537"]
[PlyCount "84"]
[EventDate "2017.06.15"]
[EventType "tourn (corr)"]
[EventRounds "12"]
[EventCountry "GER"]
[SourceTitle "Corr 2022"]
[Source "ChessBase"]
[SourceDate "2021.10.24"]
[SourceVersion "1"]
[SourceVersionDate "2021.10.24"]
[SourceQuality "1"]

1. e4 c5 2. Nf3 d6 3. d4 cxd4 4. Nxd4 Nf6 5. Nc3 a6 6. h4 Nc6 7. h5 h6 8. Be3 Bd7 9. f3 e6 10. Qd2 Qc7 11. 0-0-0 Nxd4 12. Bxd4 b5 13. Bxf6 gxf6 14. Kb1 b4 15. Ne2 a5 16. g4 Rg8 17. Nd4 Rg5 18. Be2 a4 19. Qxb4 d5 20. Qd2 dxe4 21. f4 Rc5 22. c4 Rb8 23. Rhf1 Qb6 24. Nb5 Bc6 25. f5 e5 26. Rg1 e3 27. Qd3 a3 28. b3 Bxb5 29. cxb5 Rc7 30. Rc1 Bc5 31. Rgd1 Kf8 32. Rc2 Bd4 33. Rdc1 Rd7 34. b4 Qa7 35. Rc8+ Kg7 36. Rxb8 Qxb8 37. Qxa3 e4 38. Rc2 Qg3 39. Qc1 Bb6 40. Rc4 Rd2 41. Rc2 Rd3 42. Rc6 Qh2 0-1

[Event "WC-2017-S-00007"]
[Site "LSS email"]
[Date "2017.06.07"]
[Round "?"]
[White "Sarakenidis, Nikolaos"]
[Black "Langer, Raimund"]
[Result "1/2-1/2"]
[WhiteElo "2360"]
[BlackElo "2482"]
[PlyCount "50"]
[EventDate "2017.06.15"]
[EventType "tourn (corr)"]
[EventRounds "12"]
[EventCountry "GER"]
[SourceTitle "Corr 2022"]
[Source "ChessBase"]
[SourceDate "2021.10.24"]
[SourceVersion "1"]
[SourceVersionDate "2021.10.24"]
[SourceQuality "1"]

1. e4 c5 2. Nf3 d6 3. d4 cxd4 4. Nxd4 Nf6 5. Nc3 a6 6. Bg5 Nbd7 7. Qe2 e6 8. f4 Qc7 9. 0-0-0 b5 10. a3 Bb7 11. g4 Be7 12. Kb1 h6 13. Bh4 Rc8 14. Rg1 g5 15. fxg5 hxg5 16. Bxg5 Qb6 17. Qe1 Rxc3 18. Bxf6 Nxf6 19. Qxc3 Nxe4 20. Qe1 Bh4 21. Qb4 Qc5 22. Bg2 Bf2 23. Rgf1 Rxh2 24. Bxe4 Bxe4 25. Rd2 Bg3 1/2-1/2

[Event "WC-2017-S-00007"]
[Site "LSS email"]
[Date "2017.06.07"]
[Round "?"]
[White "Sarakenidis, Nikolaos"]
[Black "Szabo, Vilmos"]
[Result "1-0"]
[WhiteElo "2360"]
[BlackElo "2409"]
[PlyCount "173"]
[EventDate "2017.06.15"]
[EventType "tourn (corr)"]
[EventRounds "12"]
[EventCountry "GER"]
[SourceTitle "Corr 2022"]
[Source "ChessBase"]
[SourceDate "2021.10.24"]
[SourceVersion "1"]
[SourceVersionDate "2021.10.24"]
[SourceQuality "1"]

1. e4 e5 2. Nf3 Nc6 3. Bb5 a6 4. Ba4 Nf6 5. 0-0 Be7 6. Re1 b5 7. Bb3 d6 8. c3 0-0 9. h3 Bb7 10. d4 Re8 11. Nbd2 exd4 12. cxd4 Nd7 13. Nf1 Na5 14. Bc2 c5 15. d5 Nc4 16. Rb1 Bf6 17. N3h2 Nce5 18. Ng3 g6 19. b3 Nb6 20. Rf1 a5 21. f4 Ned7 22. Bd3 Bd4+ 23. Kh1 b4 24. f5 Qh4 25. Bf4 Ne5 26. fxg6 fxg6 27. Bb5 Re7 28. Ne2 Rf8 29. Qc2 Bf2 30. Rbd1 g5 31. Bxe5 Rxe5 32. Ng1 Bxg1 33. Rxf8+ Kxf8 34. Ng4 Be3 35. Nxe5 dxe5 36. Qd3 Qg3 37. d6 Bf4 38. Qxg3 Bxg3 39. Kg1 Bxe4 40. d7 Nxd7 41. Rxd7 Be1 42. Kf1 Bc3 43. Bc4 Bd4 44. Rf7+ Ke8 45. Ra7 h5 46. Rxa5 g4 47. h4 Kf8 48. Ra7 Bg6 49. Ke2 e4 50. Rb7 Be8 51. Bd5 Bg6 52. Rc7 e3 53. Rd7 Be8 54. Ra7 c4 55. Rb7 c3 56. Be4 Bc5 57. Kd3 Bd6 58. Kxe3 Bc5+ 59. Ke2 Bd6 60. Kd3 Bf7 61. Kd4 Be6 62. Bg6 g3 63. Rb6 Ke7 64. Be4 Bg4 65. Ra6 Be2 66. Ra8 Bd1 67. Kd5 Bf4 68. Ra7+ Kf6 69. Ra6+ Ke7 70. Re6+ Kd7 71. Rc6 Bg4 72. Rb6 Ke7 73. Rxb4 Be3 74. Ke5 Bc1 75. a4 Be2 76. Rb7+ Kd8 77. Bc2 Ba3 78. b4 Ba6 79. Rh7 Bxb4 80. Rxh5 Bf1 81. Rh8+ Kd7 82. Rh7+ Kc6 83. Be4+ Kb6 84. h5 c2 85. Rb7+ Ka6 86. Rc7 Bf8 87. Rxc2 1-0

[Event "WC-2017-S-00007"]
[Site "LSS email"]
[Date "2017.06.07"]
[Round "?"]
[White "Szabo, Vilmos"]
[Black "Sarakenidis, Nikolaos"]
[Result "1-0"]
[WhiteElo "2409"]
[BlackElo "2360"]
[PlyCount "75"]
[EventDate "2017.06.15"]
[EventType "tourn (corr)"]
[EventRounds "12"]
[EventCountry "GER"]
[SourceTitle "Corr 2022"]
[Source "ChessBase"]
[SourceDate "2021.10.24"]
[SourceVersion "1"]
[SourceVersionDate "2021.10.24"]
[SourceQuality "1"]

1. d4 Nf6 2. c4 g6 3. Nc3 Bg7 4. e4 d6 5. Nf3 0-0 6. Be2 e5 7. 0-0 Nc6 8. d5 Ne7 9. Ne1 Nd7 10. Be3 f5 11. f3 f4 12. Bf2 g5 13. b4 Nf6 14. c5 Ng6 15. a4 h5 16. c6 bxc6 17. dxc6 g4 18. Bc4+ Kh8 19. Ra2 h4 20. fxg4 Bxg4 21. Qd3 h3 22. gxh3 Bh5 23. b5 Ne7 24. Nf3 Qe8 25. Nh4 Qc8 26. a5 a6 27. bxa6 Nxc6 28. Rb1 Nd4 29. Kh1 f3 30. Rg1 Qxh3 31. Bxd4 Qxh4 32. Bf2 Qh3 33. Rg3 Qd7 34. Nd5 Bg4 35. Qe3 Nxd5 36. Bxd5 c6 37. Bc4 Rf4 38. Rb2 1-0

[Event "WC-2017-P-00016"]
[Site "LSS email"]
[Date "2017.01.23"]
[Round "?"]
[White "Wittal, Werner"]
[Black "Sarakenidis, Nikolaos"]
[Result "1/2-1/2"]
[WhiteElo "1991"]
[BlackElo "2371"]
[PlyCount "108"]
[EventDate "2017.02.01"]
[EventType "tourn (corr)"]
[EventRounds "12"]
[EventCountry "GER"]
[SourceTitle "Corr 2022"]
[Source "ChessBase"]
[SourceDate "2021.10.24"]
[SourceVersion "1"]
[SourceVersionDate "2021.10.24"]
[SourceQuality "1"]

1. d4 Nf6 2. c4 g6 3. Nc3 Bg7 4. e4 d6 5. Nf3 0-0 6. h3 e5 7. d5 Nh5 8. Nh2 Na6 9. g3 Nc5 10. b4 Nd7 11. Be3 a5 12. b5 Nc5 13. Bg2 f5 14. 0-0 f4 15. Bxc5 dxc5 16. Qd3 b6 17. Rad1 Qd6 18. Ne2 Bd7 19. Nf3 Rae8 20. Rde1 fxg3 21. fxg3 Re7 22. a4 Ref7 23. Ng5 Rf6 24. Nf3 Qe7 25. Kh2 R6f7 26. Nd2 Nf6 27. Qe3 g5 28. Nc1 h5 29. Qc3 Ne8 30. Nd3 Nd6 31. Rxf7 Kxf7 32. Rf1+ Kg8 33. Kg1 g4 34. Rxf8+ Kxf8 35. hxg4 hxg4 36. Nf1 Qg5 37. Nf2 Bh6 38. Nd1 Ke7 39. Nf2 Kd8 40. Nh2 Ne8 41. Bf1 Qe3 42. Qd3 Qxd3 43. Bxd3 Be3 44. Kf1 Nf6 45. Ke2 Bd4 46. Nf1 Nh5 47. Nd1 Ke7 48. Nde3 Kf7 49. Bc2 Bc8 50. Kd3 Nf6 51. Bd1 Kg6 52. Be2 Kg5 53. Bd1 Nh5 54. Be2 Nf6 1/2-1/2